000 00580nam a2200205Ia 4500
005 20250326140742.0
008 250326s9999 xx 000 0 und d
037 _aTextbook
040 _aFMSL
_beng
_cFMSL
041 _aeng
_2eng
084 _aT:5oa1x P7;2
_qFMSL
100 _aJaffe E D
_9739303
245 0 _aBarron's GMAT: Graduate management admission test
_cJaffe E D; Hilbert S
250 _a15
260 _aNew Delhi
_bNew Delhi, Galgotia
_c2009
365 _b800
650 _aManagement
942 _cTB
_hT:5oa1x P7;2
999 _c1287138
_d1287138